书目信息 |
| 书名: | The WEDDING WORKOUT | |
| 作者: | Suzanne Rowen | |
| 分册号: | ||
| 分册名: | 出版地: | United states |
|
| 出版社: | Contemporary Books | |
| 出版时间: | 2010 | |
| 页数: | 228p | |
| 开本: | 23cm | |
| 丛书名: | ||
| 中图分类号: | ||
| 科图分类号: | ||
| 其他分类号: | G883 | |
| 主题词: | ||
| 电子资源: | ||
| 000 | 00494nam0 2200193 450 | |
| 001 | 052012177461 | |
| 005 | 20121107084630.0 | |
| 008 | 20021229d1997 em y0chiy0121 ea | |
| 020 | @a9780071389167@c$19.95 | |
| 041 | @aeng | |
| 091 | @aG883 | |
| 099 | @dG883@eSu98 | |
| 100 | @aSuzanne Rowen | |
| 245 | 10 | @aThe WEDDING WORKOUT@cSuzanne Rowen |
| 260 | @aUnited states@bContemporary Books@c2010 | |
| 300 | @a228p@c23cm | |
| 521 | @aThe WEDDING WORKOUT | |
| 905 | @b6269-71 | |
| 905 | @aTSG@dG883@eSu98 | |
| The WEDDING WORKOUT / Suzanne Rowen.-United states : Contemporary Books , 2010 |
| 228p ; 23cm |
| The WEDDING WORKOUT |
| ISBN 9780071389167$19.95 |
| ● |
| 相关链接 |
|
|
|
正题名:The WEDDING WORKOUT
索取号:G883/Su98
 
预约/预借
| 序号 | 登录号 | 条形码 | 馆藏地/架位号 | 状态 | 备注 |
| 1 | 6269 | 300062697 | 社科库409/409社科库 119排4列5层/ [索取号:G883/Su98] | 在馆 | |
| 2 | 6270 | 300062704 | 社科库409/409社科库 119排4列5层/ [索取号:G883/Su98] | 在馆 | |
| 3 | 6271 | 300062713 | 社科库409/409社科库 119排4列5层/ [索取号:G883/Su98] | 在馆 |